Enseignement et éducation en France : Du XVIIIe siècle à nos jours (notice n° 1925088)
[ vue normale ]
| 000 -LEADER | |
|---|---|
| fixed length control field | 01416cam a2200133 4500500 |
| 005 - DATE AND TIME OF LATEST TRANSACTION | |
| control field | 20260329023140.0 |
| 041 ## - LANGUAGE CODE | |
| Language code of text/sound track or separate title | fre |
| 042 ## - AUTHENTICATION CODE | |
| Authentication code | dc |
| 100 10 - MAIN ENTRY--PERSONAL NAME | |
| Personal name | Duval, Nathalie |
| Relator term | author |
| 245 00 - TITLE STATEMENT | |
| Title | Enseignement et éducation en France : Du XVIIIe siècle à nos jours |
| 260 ## - PUBLICATION, DISTRIBUTION, ETC. | |
| Name of publisher, distributor, etc. | Armand Colin,<br/> |
| Date of publication, distribution, etc. | 2011.<br/> |
| 520 ## - SUMMARY, ETC. | |
| Summary, etc. | Enseigner c’est être amené à agir au sein d’un système éducatif qui doit faire face à des enjeux déterminants pour son avenir. Pour tout acteur de terrain directement en prise avec les enfants et les adolescents mais aussi pour toute personne intéressée par les questions scolaires, cet ouvrage sera d’un recours précieux. Il a pour ambition, dans une étude historique de l’enseignement et de l’éducation en France depuis le XVIIIe siècle jusqu’à nos jours, de présenter en complément de l’histoire de l’école primaire, du collège, du lycée et de l’université celles, moins connues sinon ignorées, de l’enseignement privé et du mouvement original de l’Éducation nouvelle. À l’heure des remises en question d’une École en mal de cohérence, il est des plus éclairants de connaître des expériences éducatives qui, dans leur grande variété, ont cherché et cherchent encore à favoriser la réussite des élèves. |
| 856 41 - ELECTRONIC LOCATION AND ACCESS | |
| Uniform Resource Identifier | <a href="https://shs.cairn.info/enseignement-et-education-en-france--9782200353490?lang=fr&redirect-ssocas=7080">https://shs.cairn.info/enseignement-et-education-en-france--9782200353490?lang=fr&redirect-ssocas=7080</a> |
Pas d'exemplaire disponible.




Réseaux sociaux